[Event "NOR-ch cadet-A"]
[Site "Fredrikstad"]
[Date "2003.07.07"]
[Round "3"]
[White "Vea, Rannveig Blikra"]
[Black "Radjelovic, Stefan"]
[Result "0-1"]
[WhiteElo "1377"]
[BlackElo "1613"]
[PlyCount "58"]
[EventDate "2003.07.??"]
[EventType "swiss"]
[EventRounds "7"]
[EventCountry "NOR"]
[SourceTitle "CBM 095 Extra"]
[Source "ChessBase"]
[SourceDate "2003.09.04"]
[SourceVersion "1"]
[SourceVersionDate "2003.09.04"]
[SourceQuality "1"]

1. d4 Nf6 2. Nf3 g6 3. c4 Bg7 4. b3 c5 5. Bb2 cxd4 6. Nxd4 0-0 7. e3 d5 8. Nc3 Qa5 9. a3 e5 10. b4 Qb6 11. Ndb5 dxc4 12. Bxc4 Rd8 13. Qb3 a6 14. Na4 Qc6 15. Nbc3 Qxg2 16. Bxf7+ Kh8 17. Rf1 Bh3 18. Bc4 b5 19. Nxb5 axb5 20. Bxb5 Qb7 21. Rd1 Rxd1+ 22. Qxd1 Qxb5 23. Qd8+ Qe8 24. Qd6 Rxa4 25. Rg1 Ra6 26. Qc7 Rc6 27. Qa5 Rc2 28. Bxe5 Rc1+ 29. Ke2 Rxg1 0-1